000
00338nam a2200133Ia 4500
008
260604s9999 xx 000 0 und d
020
_a
9781403942197
082
_a
337 PIG
100
_a
Judith piggott
_9
35730
245
0
_a
International Business Economics
260
_b
Red Globe Press
500
_a
International Economics
942
_c
BK
999
_c
8556
_d
8556